The speaker's handbook / (Record no. 44392)

MARC details
000 -LEADER
fixed length control field 00793nam a2200169 4500
008 - FIXED-LENGTH DATA ELEMENTS--GENERAL INFORMATION
fixed length control field 150306b xxu||||| |||| 00| 0 eng d
050 ## - LIBRARY OF CONGRESS CALL NUMBER
Classification number PN4129.15
Item number .S67 2005
245 ## - TITLE STATEMENT
Title The speaker's handbook /
Statement of responsibility, etc Jo Sprague, Douglas Stuart
250 ## - EDITION STATEMENT
Edition statement 7th ed.
260 ## - PUBLICATION, DISTRIBUTION, ETC. (IMPRINT)
Place of publication, distribution, etc Belmont, CA :
Name of publisher, distributor, etc Thomson/Wadsworth,
Date of publication, distribution, etc c2005
300 ## - PHYSICAL DESCRIPTION
Extent CD-ROM
Dimensions (4 3/4 in.)
505 ## - FORMATTED CONTENTS NOTE
Formatted contents note pt. 1: Foundation -- 1. Understanding speaking -- 2. Listening -- 3. Speaking ethics -- 4. Overcoming fear of speaking --
505 ## - FORMATTED CONTENTS NOTE
Formatted contents note pt. 2: Preparation -- 5. Planning
538 ## - SYSTEM DETAILS NOTE
System details note System requirements for accompanying CD-ROM: Windows 98, ME, 2000, or XP (not NT); Pentium II 233 mhz; 32 MB RAM (64 MB recommended; or MAC OS 8.6 or later; PowerPC processor or later; 64 MB RAM
650 ## - SUBJECT ADDED ENTRY--TOPICAL TERM
General subdivision Public speaking
942 ## - ADDED ENTRY ELEMENTS (KOHA)
Source of classification or shelving scheme Library of Congress Classification
Koha item type CD/DVD
Holdings
Withdrawn status Lost status Source of classification or shelving scheme Damaged status Not for loan Collection code Home library Current library Shelving location Date acquired Source of acquisition Total Checkouts Full call number Barcode Copy number Price effective from Koha item type
    Library of Congress Classification     Non-fiction Bishop Okullu Memorial Library (Limuru Campus) Bishop Okullu Memorial Library (Limuru Campus) Multimedia 06/03/2015 Donation   PN4129.15 .S67 2005 042952 1 06/03/2015 CD/DVD